Steven Universe - Tower of Mistakes - Lyrics Quiz - Statistics

General Stats
  • This quiz has been taken 9 times
  • The average score is 80 of 83
Answer Stats
Character Lyrics % Correct
a
100%
all
100%
And
100%
be
100%
built
100%
But
100%
can
100%
can
100%
can
100%
Can
100%
comes
100%
crashing
100%
don't
100%
doo-oo
100%
doo-oo
100%
doo-oo-oo
100%
down
100%
feel
100%
felt
100%
Guess
100%
how
100%
I
100%
I
100%
I
100%
I
100%
I
100%
I
100%
I
100%
I
100%
I
100%
I
100%
Is
100%
Is
100%
Is
100%
it
100%
it
100%
it
100%
make
100%
make
100%
me
100%
mistakes
100%
my
100%
now
100%
of
100%
out
100%
see
100%
something
100%
something
100%
something
100%
that
100%
there
100%
there
100%
there
100%
to
100%
to
100%
to
100%
to
100%
tower
100%
up
100%
us
100%
you
100%
you
100%
you?
100%
you're
100%
about
88%
better
88%
better
88%
care
88%
for
88%
forgot
88%
great
88%
had
88%
her
88%
Amethyst Maybe
88%
off
88%
she's
88%
strong
88%
think
88%
use
88%
with
88%
away
75%
carried
75%
got
75%
No matching quizzes found
Score Distribution
Percent of People with Each Score
Percentile by Number Answered
Your Score History
You have not taken this quiz